000 02865nam a2200529 i 4500
001 194988
003 SpMaBN
005 20250825062638.0
007 ta
008 981211e1958 sp k spa
017 _aB 8072-1958
_bOficina Depósito Legal Barcelona
040 _aSpMaBN
_bspa
_cES-MaACL
_erdc
080 _a087.5:082.1
245 0 3 _aEl mundo de los niños :
_ben quince volúmenes
260 _aBarcelona :
_bSalvat,
_c[1958]
300 _a15 volúmenes :
_bilustraciones (blanco y negro y color) ;
_c26 cm
336 _2rdacontent
_aTexto
337 _2rdamedia
_asin mediación
338 _2rdacarrier
_avolumen
505 _a1. Poemas de la primera infancia (200 p.) -- 2. Poemas y cuentos (200 p.) -- 3. Cuentos populares y de hadas (240 p.) -- 4. Animales y aventuras (240 p.) -- 5. Cuentos de diversos países (240 p.) -- 6. Estampas de la historia sagrada (207 p.) -- 7. Hombres y hechos famosos (240 p.) -- 8. Juegos diversos (272 p.) -- 9. Animales y plantas (244 p.) -- 10. Ciencia e industria (288 p.) -- 11. El niño y el arte (174 p.) -- 12. El niño y la música (196 p.) -- 13. La familia (291 p.) -- 14. Vuestro hijo (322 p.) -- 15. El niño en el mundo actual (291 p.)
534 _pTraducción de: Childcraft
650 7 _aEnciclopedias infantiles y juveniles
_9156655
650 7 _aPoesías-
_9142901
_vLibros infantiles
650 7 _aHistoria sagrada
_2embne
_913427
650 4 _aJuegos infantiles
_914020
655 7 _aEnciclopedias
_2tgfbne
_9226844
655 7 _aLibros infantiles
_2tgfbne
_9226786
655 0 _aCuentos infantiles
_9234793
852 _aES-MaACL
_bR. 43038
_cFICH
_jC-154446
_pVol. 1
_xCartoné
_9202638
852 _aES-MaACL
_bR. 43038
_cFICH
_jC-154447
_pVol. 2
_xCartoné
_9202639
852 _aES-MaACL
_bR. 43038
_cFICH
_jC-154448
_xCartoné
_9202640
_pVol. 3
852 _aES-MaACL
_bR. 43038
_cFICH
_jC-154449
_xCartoné
_9202641
_pVol. 4
852 _aES-MaACL
_bR. 43038
_cFICH
_jC-154450
_xCartoné
_9202643
_pVol. 5
852 _aES-MaACL
_bR. 43038
_cFICH
_jC-154451
_xCartoné
_9202644
_pVol. 6
852 _aES-MaACL
_bR. 43038
_cFICH
_jC-154452
_xCartoné
_9202645
_pVol. 7
852 _aES-MaACL
_bR. 43038
_cFICH
_jC-154453
_xCartoné
_9202646
_pVol. 8
852 _aES-MaACL
_bR. 43038
_cFICH
_jC-154454
_xCartoné
_9202647
_pVol. 9
852 _aES-MaACL
_bR. 43038
_cFICH
_jC-154455
_xCartoné
_9202648
_pVol. 10
852 _aES-MaACL
_bR. 43038
_cFICH
_jC-154456
_xCartoné
_9202649
_pVol. 11
852 _aES-MaACL
_bR. 43038
_cFICH
_jC-154457
_xCartoné
_9202650
_pVol. 12
852 _aES-MaACL
_bR. 43038
_cFICH
_jC-154458
_xCartoné
_9202651
_pVol. 13
852 _aES-MaACL
_bR. 43038
_cFICH
_jC-154459
_xCartoné
_9202652
_pVol. 14
852 _aES-MaACL
_bR. 43038
_cFICH
_jC-154460
_xCartoné
_9202653
_pVol. 15
942 _n0
_cMONOGRAFIA
999 _c194988
_d194988